| 000 | 00425nam a22001577a 4500 | ||
|---|---|---|---|
| 999 |
_c2504 _d2504 |
||
| 003 | URS | ||
| 005 | 20220114142151.0 | ||
| 008 | 190227s1978 ph |||| |||| 00| 0 eng d | ||
| 040 |
_cURS _beng _drda |
||
| 050 | 1 | 4 |
_aJC 273 _b.A793 1978 |
| 100 | _aAruego, Jose M. | ||
| 245 |
_aPrinciples of political science _cJose M. Aruego |
||
| 260 |
_aManila: _bUniversity Book Supply; _c[1978] |
||
| 300 |
_a357 pages _c23 cm |
||
| 942 |
_2lcc _cF |
||